| 000 | 00561cam a2200193 4500500 | ||
|---|---|---|---|
| 005 | 20260405003254.0 | ||
| 041 | _afre | ||
| 042 | _adc | ||
| 100 | 1 | 0 |
_aPortevin, Catherine _eauthor |
| 245 | 0 | 0 | _aDe si violentes fatigues |
| 260 | _c2021. | ||
| 500 | _a40 | ||
| 690 | _aBurn-Out | ||
| 690 | _aDomination | ||
| 690 | _aÉpuisement | ||
| 690 | _aFatigue | ||
| 786 | 0 | _nPhilosophie magazine | 148 | 4 | 2021-04-01 | p. 70-71 | 1951-1787 | |
| 856 | 4 | 1 | _uhttps://shs.cairn.info/magazine-philosophie-magazine-2021-4-page-70?lang=fr&redirect-ssocas=7080 |
| 999 |
_c2065991 _d2065991 |
||